Baptist Youth Fellowship Imphal division: (Record no. 7692)

MARC details
000 -LEADER
fixed length control field 00431nam a22001457a 4500
003 - CONTROL NUMBER IDENTIFIER
control field GBCCL
005 - DATE AND TIME OF LATEST TRANSACTION
control field 20241126110634.0
008 - FIXED-LENGTH DATA ELEMENTS--GENERAL INFORMATION
fixed length control field 180911b ||||| |||| 00| 0 eng d
040 ## - CATALOGING SOURCE
Transcribing agency gbc
082 ## - DEWEY DECIMAL CLASSIFICATION NUMBER
Classification number SOU BAP
Item number 2010
245 ## - TITLE STATEMENT
Title Baptist Youth Fellowship Imphal division:
Remainder of title Silver jubilee 1985-2010 /
Statement of responsibility, etc. edited by N Khamsuanthang
260 ## - PUBLICATION, DISTRIBUTION, ETC.
Date of publication, distribution, etc. 2010.
Place of publication, distribution, etc. Imphal:
Name of publisher, distributor, etc. Media & publication board SJCC,
300 ## - PHYSICAL DESCRIPTION
Extent 58p. ;
942 ## - ADDED ENTRY ELEMENTS (KOHA)
Source of classification or shelving scheme Dewey Decimal Classification
Koha item type Archives
Holdings
Withdrawn status Lost status Source of classification or shelving scheme Damaged status Not for loan Home library Current Library Shelving location Date acquired Total checkouts Full call number Barcode Date last seen Copy number Price effective from Koha item type
    Dewey Decimal Classification     GRACE BIBLE COLLEGE GRACE BIBLE COLLEGE Archives 2018-09-11   SOU BAP 2010 250015 2025-05-01 c.1 2018-09-11 Archives
    Dewey Decimal Classification     GRACE BIBLE COLLEGE GRACE BIBLE COLLEGE Archives 2018-09-11   SOU BAP 2010 250016 2025-05-01 c.2 2018-09-11 Archives
    Dewey Decimal Classification     GRACE BIBLE COLLEGE GRACE BIBLE COLLEGE Archives 2018-09-11   SOU BAP 2010 250017 2025-05-01 c.3 2018-09-11 Archives
    Dewey Decimal Classification     GRACE BIBLE COLLEGE GRACE BIBLE COLLEGE Archives 2018-09-11   SOU BAP 2010 250018 2025-05-01 c.4 2018-09-11 Archives
    Dewey Decimal Classification     GRACE BIBLE COLLEGE GRACE BIBLE COLLEGE Archives 2018-09-11   SOU BAP 2010 250019 2025-05-01 c.5 2018-09-11 Archives
    Dewey Decimal Classification     GRACE BIBLE COLLEGE GRACE BIBLE COLLEGE Archives 2018-09-11   SOU BAP 2010 250020 2025-05-01 c.6 2018-09-11 Archives
    Dewey Decimal Classification     GRACE BIBLE COLLEGE GRACE BIBLE COLLEGE Archives 2018-09-11   SOU BAP 2010 250021 2025-05-01 c.7 2018-09-11 Archives
    Dewey Decimal Classification     GRACE BIBLE COLLEGE GRACE BIBLE COLLEGE Archives 2018-09-11   SOU BAP 2010 250022 2025-05-01 c.8 2018-09-11 Archives
    Dewey Decimal Classification     GRACE BIBLE COLLEGE GRACE BIBLE COLLEGE Archives 2018-09-11   SOU BAP 2010 250023 2024-06-14 c.9 2018-09-11 Archives
    Dewey Decimal Classification     GRACE BIBLE COLLEGE GRACE BIBLE COLLEGE Archives 2024-05-13   SOU BAP 2010 250286 2025-05-01 c.10 2024-05-13 Archives
© Grace Bible College Library 2025